Transferts Counter Strike de Joueurs T1 - Statistiques

Statistiques générales
  • Ce quiz a été pris 81 fois
  • Le résultat moyen est 11 sur 30
Statistiques - réponses
Année du
Transfert
Equipe Avant
Transfert
Joueur Equipe Après
Transfert
% Correct
2022 MOUZ ropz FaZe
85%
2018 G2 apEX Vitality
82%
2021 Vitality shox Liquid
74%
2023 GamerLegion iM Natus Vincere
63%
2015 Dignitas device TSM
56%
2021 FaZe coldzera Complexity
53%
2025 AMKAL molodoy FURIA
52%
2017 fnatic olofmeister FaZe
52%
2023 Cloud9 sh1ro Team Spirit
52%
2018 SpaceSoldier XANTARES BIG
47%
2020 MOUZ Snax Virtus.pro
42%
2023 Natus Vincere Boombl4 1win
35%
2013 Virtus.pro GuardiaN Natus Vincere
35%
2024 G2 jks Liquid
34%
2021 Complexity blameF Astralis
32%
2014 AGAiN NEO Virtus.pro
32%
2018 OpTic allu ENCE
26%
2024 OG degster HEROIC
26%
2024 B8 r1nkle Ninjas in Pyjamas
26%
2018 SK Gaming TACO Liquid
26%
2015 iBUYPOWER Skadoodle Cloud9
24%
2024 9z try Imperial
23%
2019 Gambit AdreN FaZe
21%
2016 Dignitas Kjaerbye Astralis
21%
2024 9INE mhL Falcons
16%
2019 NRG stanislaw Evil Geniuses
13%
2017 Immortals boltz SK Gaming
11%
2014 Complexity Hiko Cloud9
11%
2016 HellRaisers oskar MOUZ
8%
2019 EnVyUs Sonic ATK
6%
Aucun quiz correspondant
Distribution des résultats
% des personnes avec chaque résultat
Percentile par nombre de réponses
Votre historique - résultats
Vous n’avez pas pris ce quiz